| 000 | 01103nam a22002777a 4500 | ||
|---|---|---|---|
| 003 | DO-SdBNP | ||
| 005 | 20240314175049.0 | ||
| 007 | ta | ||
| 008 | 211020b2017 dr ac||| |||| 00| 0 spa d | ||
| 040 |
_aDO-SdBNP _bspa _cBNPHU |
||
| 082 | 4 |
_a364.1323 _bL817o _222 |
|
| 100 | 1 |
_aLockward, Angel, _911034 |
|
| 245 | 1 | 0 |
_aOdebrecht : _bla caída de un imperio corruptor / _cÁngel Lockward. |
| 260 |
_aSanto Domingo : _bSantuario, _bFundación de Estudios Económicos y Políticos, _c2017. |
||
| 300 |
_a140 p. : _bil., fots., retrs. ; _c23 cm. |
||
| 500 | _aIncluye datos biográficos del autor en la solapa de la cubierta. | ||
| 500 | _aIncluye referencias bibliográficas y notas al pie de las páginas | ||
| 504 | _aBibliografía : p. 129-133 | ||
| 590 | _aInventariado, 2021 /LP | ||
| 600 | 2 | 4 |
_aOdebrecht (Firma) _xPrácticas corruptas _982072 |
| 650 | 4 |
_aCorrupción política _zAmérica Latina _982073 |
|
| 650 | 4 |
_aCorrupción política _zBrasil _982074 |
|
| 651 | 4 |
_aAmérica Latina _xPolítica y gobierno _92618 |
|
| 910 | _aLopérez/Validado. Control de calidad MFF | ||
| 942 |
_2ddc _cLBS1 |
||
| 999 |
_c50794 _d50794 |
||